| 000 | 00336nam a22001337a 4500 | ||
|---|---|---|---|
| 008 | 180118b xxu||||| |||| 00| 0 eng d | ||
| 020 | _a9780300158328 | ||
| 041 | _aeng | ||
| 080 | _a530.14 | ||
| 100 | _a59 | ||
| 101 | _aECO | ||
| 245 |
_aGOOD CAPITALISM AND THE ECONOMICS OF GROWTH PROSPERITY _cWILLIAM.J.B |
||
| 942 |
_2udc _cBK |
||
| 999 |
_c40504 _d40504 |
||